[Event "Paris op"]
[Site "Paris"]
[Date "1995.??.??"]
[Round "?"]
[White "Bricard, Emmanuel"]
[Black "Honfi, Karoly"]
[Result "1-0"]
[WhiteElo "2500"]
[BlackElo "2380"]
[PlyCount "55"]
[EventDate "1995.04.??"]
[EventType "swiss"]
[EventRounds "9"]
[EventCountry "FRA"]
[SourceTitle "EXT 1997"]
[Source "ChessBase"]
[SourceDate "1996.11.15"]
[SourceVersion "1"]
[SourceVersionDate "1996.11.15"]
[SourceQuality "1"]

1. e4 c5 2. c3 g6 3. d4 cxd4 4. cxd4 Nf6 5. Nc3 d5 6. e5 Ne4 7. Bd3 Nxc3 8. bxc3 Bg7 9. h4 h5 10. Ne2 Nc6 11. Qc2 e6 12. Bxg6 fxg6 13. Qxg6+ Kf8 14. Rh3 Kg8 15. Rf3 Rh7 16. Qf7+ Kh8 17. Nf4 Rh6 18. Nxh5 Qe7 19. Bxh6 Qxf7 20. Rxf7 Bxh6 21. g4 Nd8 22. Rc7 Nc6 23. g5 Bf8 24. Rf7 Be7 25. Nf6 Bxf6 26. gxf6 b6 27. Rf8+ Kh7 28. 0-0-0 1-0

[Event "Budapest FS07 IM-A"]
[Site "Budapest"]
[Date "1995.??.??"]
[Round "?"]
[White "Cao, Sang"]
[Black "Honfi, Karoly"]
[Result "1/2-1/2"]
[WhiteElo "2420"]
[BlackElo "2390"]
[PlyCount "40"]
[EventDate "1995.07.??"]
[EventType "tourn"]
[EventRounds "11"]
[EventCountry "HUN"]
[EventCategory "2"]
[SourceTitle "EXT 1997"]
[Source "ChessBase"]
[SourceDate "1996.11.15"]
[SourceVersion "1"]
[SourceVersionDate "1996.11.15"]
[SourceQuality "1"]

1. e4 e5 2. Nf3 Nc6 3. Bb5 Nf6 4. 0-0 Bc5 5. c3 0-0 6. d4 Bb6 7. Bg5 d6 8. dxe5 dxe5 9. Nbd2 h6 10. Bh4 Bg4 11. Qc2 Qe7 12. Be2 g5 13. Bg3 Nh5 14. Nc4 Nxg3 15. hxg3 Rad8 16. Nh2 Be6 17. Nxb6 axb6 18. Bg4 Rd6 19. Rfd1 Rfd8 20. b3 Kf8 1/2-1/2

[Event "Budapest FS11 IM-A"]
[Site "Budapest"]
[Date "1995.??.??"]
[Round "8"]
[White "Farago, Sandor"]
[Black "Honfi, Karoly"]
[Result "1/2-1/2"]
[WhiteElo "2360"]
[BlackElo "2390"]
[PlyCount "24"]
[EventDate "1995.11.??"]
[EventType "tourn"]
[EventRounds "14"]
[EventCountry "HUN"]
[EventCategory "3"]
[SourceTitle "CBM 050 Extra"]
[Source "ChessBase"]
[SourceDate "1996.03.01"]
[SourceVersion "1"]
[SourceVersionDate "1996.03.01"]
[SourceQuality "1"]

1. Nf3 Nf6 2. c4 c5 3. Nc3 Nc6 4. g3 g6 5. Bg2 Bg7 6. 0-0 0-0 7. d3 d6 8. e4 e6 9. h3 Rb8 10. Be3 b6 11. Rb1 Bb7 12. a3 a5 1/2-1/2

[Event "Paris op"]
[Site "Paris"]
[Date "1995.??.??"]
[Round "?"]
[White "Honfi, Karoly"]
[Black "Apicella, Manuel"]
[Result "0-1"]
[WhiteElo "2380"]
[BlackElo "2505"]
[PlyCount "64"]
[EventDate "1995.04.??"]
[EventType "swiss"]
[EventRounds "9"]
[EventCountry "FRA"]
[SourceTitle "EXT 1997"]
[Source "ChessBase"]
[SourceDate "1996.11.15"]
[SourceVersion "1"]
[SourceVersionDate "1996.11.15"]
[SourceQuality "1"]

1. e4 e6 2. d4 d5 3. Nc3 Bb4 4. e5 Ne7 5. Bd2 Nf5 6. Nf3 b6 7. Bb5+ c6 8. Bd3 Ba6 9. Ne2 Bxd3 10. Bxb4 Be4 11. Qd2 Bxf3 12. gxf3 Qh4 13. f4 Nd7 14. Ng3 Qg4 15. Nxf5 Qxf5 16. 0-0-0 c5 17. Ba3 0-0 18. Rhg1 Rfc8 19. Rg5 Qe4 20. f5 cxd4 21. Rdg1 g6 22. f3 Qe3 23. fxe6 fxe6 24. h4 Rxc2+ 25. Kxc2 Rc8+ 26. Kd1 Qxf3+ 27. Ke1 Qe4+ 28. Kd1 Qf3+ 29. Ke1 d3 30. Rxg6+ hxg6 31. Rxg6+ Kf7 32. Rg2 Qxg2 0-1

[Event "Budapest FS11 IM-A"]
[Site "Budapest"]
[Date "1995.??.??"]
[Round "1"]
[White "Honfi, Karoly"]
[Black "Farago, Sandor"]
[Result "1/2-1/2"]
[WhiteElo "2390"]
[BlackElo "2360"]
[PlyCount "26"]
[EventDate "1995.11.??"]
[EventType "tourn"]
[EventRounds "14"]
[EventCountry "HUN"]
[EventCategory "3"]
[SourceTitle "CBM 050 Extra"]
[Source "ChessBase"]
[SourceDate "1996.03.01"]
[SourceVersion "1"]
[SourceVersionDate "1996.03.01"]
[SourceQuality "1"]

1. e4 e5 2. Nf3 Nc6 3. Nc3 Bc5 4. Bc4 Nf6 5. d3 h6 6. Nd5 0-0 7. c3 a6 8. b4 Ba7 9. 0-0 d6 10. h3 Nxd5 11. Bxd5 Ne7 12. Bb3 Ng6 13. d4 Qf6 1/2-1/2

[Event "Budapest FS03 IM-B"]
[Site "Budapest"]
[Date "1995.??.??"]
[Round "3"]
[White "Honfi, Karoly"]
[Black "Horvath, Peter"]
[Result "1-0"]
[WhiteElo "2380"]
[BlackElo "2365"]
[PlyCount "79"]
[EventDate "1995.03.??"]
[EventType "tourn"]
[EventRounds "9"]
[EventCountry "HUN"]
[EventCategory "3"]
[SourceTitle "EXT 1997"]
[Source "ChessBase"]
[SourceDate "1996.11.15"]
[SourceVersion "1"]
[SourceVersionDate "1996.11.15"]
[SourceQuality "1"]

1. e4 c5 2. Nf3 Nc6 3. d4 cxd4 4. Nxd4 Nf6 5. Nc3 e5 6. Ndb5 d6 7. Bg5 a6 8. Na3 b5 9. Bxf6 gxf6 10. Nd5 f5 11. exf5 Bxf5 12. c3 Bg7 13. Nc2 Be6 14. a4 bxa4 15. Rxa4 0-0 16. Bc4 Kh8 17. 0-0 a5 18. Nce3 Rb8 19. b3 e4 20. Nf4 Qd7 21. Bxe6 fxe6 22. Rxe4 Be5 23. Nd3 Qb7 24. Nxe5 Nxe5 25. Qd4 Qb6 26. Rd1 Qxd4 27. cxd4 Nf7 28. Rxe6 Rxb3 29. Re7 Ra3 30. h4 Ra4 31. Ra7 Nh6 32. Rd7 Rf6 33. Nd5 Rf7 34. Rxd6 Nf5 35. Rd8+ Kg7 36. Ne3 Nxh4 37. d5 Ra2 38. d6 Rfxf2 39. d7 Rfd2 40. Re8 1-0

[Event "Budapest FS02 GM"]
[Site "Budapest"]
[Date "1995.??.??"]
[Round "6"]
[White "Honfi, Karoly"]
[Black "Ibragimov, Ildar"]
[Result "0-1"]
[WhiteElo "2380"]
[BlackElo "2520"]
[PlyCount "82"]
[EventDate "1995.02.??"]
[EventType "tourn"]
[EventRounds "11"]
[EventCountry "HUN"]
[EventCategory "8"]
[SourceTitle "CBM 046 Extra"]
[Source "ChessBase"]
[SourceDate "1995.07.01"]
[SourceVersion "1"]
[SourceVersionDate "1995.07.01"]
[SourceQuality "1"]

1. e4 e5 2. Nf3 Nc6 3. d4 exd4 4. Nxd4 Bc5 5. Be3 Qf6 6. c3 Nge7 7. g3 d5 8. Bg2 Nxd4 9. cxd4 Bb4+ 10. Nc3 0-0 11. 0-0 c6 12. exd5 Bxc3 13. bxc3 cxd5 14. Qb3 b6 15. Rfe1 Be6 16. a4 Rac8 17. a5 Rc6 18. axb6 Rxb6 19. Qa3 Rc6 20. Bf4 Nc8 21. Re5 Qd8 22. Rae1 Qd7 23. Qa5 Nb6 24. R5e2 Nc4 25. Qb5 a6 26. Qa4 Qb7 27. Ra2 Rfc8 28. Rea1 Rb6 29. h3 a5 30. Kh2 Rb3 31. Rc2 h6 32. g4 Rb5 33. Re1 Nb2 34. Qa2 Nd3 35. Rxe6 fxe6 36. Bg3 Ne1 37. Re2 Nxg2 38. Kxg2 Qa6 39. Re3 a4 40. Qa3 Rb1 41. Bd6 Rb3 0-1

[Event "HUN-chT 9596"]
[Site "Hungary"]
[Date "1995.??.??"]
[Round "4"]
[White "Honfi, Karoly"]
[Black "Lakos, Nikoletta"]
[Result "1-0"]
[WhiteElo "2380"]
[BlackElo "2265"]
[PlyCount "107"]
[EventDate "1995.??.??"]
[EventType "team"]
[EventRounds "13"]
[EventCountry "HUN"]
[SourceTitle "EXT 2000"]
[Source "ChessBase"]
[SourceDate "1999.11.16"]
[SourceVersion "1"]
[SourceVersionDate "1999.11.16"]
[SourceQuality "1"]

1. e4 g6 2. d4 Bg7 3. c3 d5 4. exd5 Qxd5 5. Be2 c5 6. Bf3 Qe6+ 7. Ne2 Nf6 8. 0-0 0-0 9. dxc5 Qc4 10. Qd4 Qa6 11. Qh4 Nbd7 12. Be3 Ne5 13. Nd4 Bg4 14. Nd2 Rac8 15. h3 Bxf3 16. N4xf3 Nd3 17. b4 Nd5 18. Bh6 Nxc3 19. Bxg7 Ne2+ 20. Kh1 Kxg7 21. a3 Qf6 22. Qxf6+ Kxf6 23. Ra2 Kg7 24. Nb3 Nc3 25. Rc2 Ne4 26. Re2 f5 27. Nfd2 Nf4 28. Ree1 Nd3 29. Re3 Ndxf2+ 30. Kg1 Nxd2 31. Nxd2 Ne4 32. Nxe4 fxe4 33. Rxe4 Rxf1+ 34. Kxf1 Kf6 35. Ke2 b6 36. Rc4 Ke6 37. Kd3 Rd8+ 38. Rd4 Rc8 39. Kc4 Rc7 40. Re4+ Kf5 41. Re2 e6 42. a4 g5 43. a5 bxa5 44. bxa5 Kf6 45. a6 h6 46. Kb5 Ke7 47. c6 Rc8 48. Kc5 Rf8 49. Rd2 Rf5+ 50. Kc4 Rf4+ 51. Kb3 Rf1 52. Rd7+ Ke8 53. Rxa7 Rc1 54. Rh7 1-0

[Event "Budapest FS07 IM-A"]
[Site "Budapest"]
[Date "1995.??.??"]
[Round "?"]
[White "Honfi, Karoly"]
[Black "Maier, Alexander"]
[Result "1-0"]
[WhiteElo "2390"]
[BlackElo "2270"]
[PlyCount "71"]
[EventDate "1995.07.??"]
[EventType "tourn"]
[EventRounds "11"]
[EventCountry "HUN"]
[EventCategory "2"]
[SourceTitle "EXT 1997"]
[Source "ChessBase"]
[SourceDate "1996.11.15"]
[SourceVersion "1"]
[SourceVersionDate "1996.11.15"]
[SourceQuality "1"]

1. e4 e5 2. Nc3 Nf6 3. f4 d5 4. fxe5 Nxe4 5. Nf3 Bc5 6. d4 Bb4 7. Bd2 c5 8. Bb5+ Bd7 9. 0-0 0-0 10. Bd3 Nxd2 11. Nxd2 Qg5 12. Nf3 Qe3+ 13. Kh1 Bxc3 14. bxc3 c4 15. Re1 Qh6 16. Bf1 Nc6 17. Rb1 Nd8 18. g3 Bg4 19. Bg2 Qh5 20. Re3 f5 21. Qe1 f4 22. gxf4 Ne6 23. Rxb7 Nxf4 24. Qg3 Nxg2 25. Kxg2 Qg6 26. Ne1 Qf5 27. Kh1 Qg5 28. h3 Rf1+ 29. Kh2 h5 30. Ng2 Raf8 31. hxg4 hxg4 32. Qh4 Qf5 33. Rg3 Qf2 34. Rxg7+ Kxg7 35. Qxg4+ Kf7 36. Qd7# 1-0

[Event "HUN-chT2 9495"]
[Site "Hungary"]
[Date "1995.??.??"]
[Round "?"]
[White "Honfi, Karoly"]
[Black "Majzik, Levente"]
[Result "1/2-1/2"]
[WhiteElo "2380"]
[BlackElo "2270"]
[PlyCount "82"]
[EventDate "1994.??.??"]
[EventType "team"]
[EventRounds "13"]
[EventCountry "HUN"]
[SourceTitle "EXT 1999"]
[Source "ChessBase"]
[SourceDate "1998.11.16"]
[SourceVersion "1"]
[SourceVersionDate "1998.11.16"]
[SourceQuality "1"]

1. e4 e6 2. d4 d5 3. Nc3 Nc6 4. Nf3 Nf6 5. e5 Ne4 6. Bd3 Bb4 7. Bd2 Nxd2 8. Qxd2 f6 9. a3 Be7 10. 0-0 0-0 11. Rfe1 Bd7 12. b4 fxe5 13. Nxe5 Nxe5 14. Rxe5 Bf6 15. Ree1 Bg5 16. Qe2 Qf6 17. Rad1 a6 18. Qf1 Rf7 19. Be2 Raf8 20. Bf3 Qh6 21. Rd3 Bf4 22. h3 Bd6 23. Re2 Rf4 24. Ree3 Qg5 25. Qd1 Rh4 26. Kf1 Qf6 27. Re2 Rf4 28. Ree3 h5 29. Ke1 a5 30. Ne2 Rf5 31. Ng3 Bxg3 32. fxg3 Bb5 33. Rc3 axb4 34. axb4 Bc4 35. Ra3 g5 36. Kd2 Qxd4+ 37. Kc1 Qf6 38. Bxh5 Qe7 39. Qd2 Rf1+ 40. Bd1 R1f2 41. Qe1 d4 1/2-1/2

[Event "AUT-chT2O 9495"]
[Site "Austria"]
[Date "1995.??.??"]
[Round "?"]
[White "Honfi, Karoly"]
[Black "Maly, Martin"]
[Result "1-0"]
[WhiteElo "2380"]
[BlackElo "2245"]
[PlyCount "76"]
[EventDate "1994.??.??"]
[EventType "team"]
[EventRounds "11"]
[EventCountry "AUT"]
[SourceTitle "EXT 1999"]
[Source "ChessBase"]
[SourceDate "1998.11.16"]
[SourceVersion "1"]
[SourceVersionDate "1998.11.16"]
[SourceQuality "1"]

1. e4 c6 2. d4 d5 3. Nd2 dxe4 4. Nxe4 Nd7 5. Bc4 Ngf6 6. Ng5 e6 7. Qe2 Nb6 8. Bb3 h6 9. N5f3 a5 10. c3 a4 11. Bc2 c5 12. a3 cxd4 13. Nxd4 Nbd5 14. Ngf3 Bd6 15. Ne5 0-0 16. 0-0 Bd7 17. c4 Ne7 18. Bf4 Qc7 19. Nxd7 Qxd7 20. Bxd6 Qxd6 21. Nb5 Qc5 22. Rfd1 Rfc8 23. Rac1 Kf8 24. Bb1 Nc6 25. h3 Na5 26. Ba2 b6 27. Rc3 Rd8 28. Rcd3 Nb7 29. Qf3 Rxd3 30. Rxd3 Qe7 31. Rd6 Ra6 32. Rc6 Qd8 33. Bb1 Nc5 34. Rd6 Qa8 35. Qd1 Ke7 36. Nc7 Qb8 37. Rc6 Ne8 38. Nxa6 Qb7 1-0

[Event "HUN-chT2 9495"]
[Site "Hungary"]
[Date "1995.??.??"]
[Round "?"]
[White "Honfi, Karoly"]
[Black "Mester, Gyula"]
[Result "0-1"]
[WhiteElo "2380"]
[BlackElo "2270"]
[PlyCount "76"]
[EventDate "1994.??.??"]
[EventType "team"]
[EventRounds "13"]
[EventCountry "HUN"]
[SourceTitle "EXT 1999"]
[Source "ChessBase"]
[SourceDate "1998.11.16"]
[SourceVersion "1"]
[SourceVersionDate "1998.11.16"]
[SourceQuality "1"]

1. e4 g6 2. d4 Bg7 3. Nf3 d6 4. Bc4 Nf6 5. Qe2 0-0 6. e5 Ne8 7. h3 c5 8. c3 Nc6 9. 0-0 cxd4 10. cxd4 dxe5 11. dxe5 Nd4 12. Nxd4 Qxd4 13. Re1 Nc7 14. Bg5 Qc5 15. Nd2 Ne6 16. Rac1 Qb4 17. a3 Qxb2 18. Bxe7 Re8 19. Bd6 Nf4 20. Qf3 Qxd2 21. Red1 Nxh3+ 22. gxh3 Qg5+ 23. Kh1 Qf5 24. Bd5 Bxe5 25. Qxf5 Bxf5 26. Bxb7 Bxd6 27. Bxa8 Bxa3 28. Ra1 Bc5 29. Bc6 Re2 30. Bg2 Rxf2 31. Rd8+ Kg7 32. Rf1 Rxf1+ 33. Bxf1 a5 34. Bg2 a4 35. Ra8 a3 36. Kh2 Be6 37. Be4 a2 38. Kg2 Bd4 0-1

[Event "Budapest FS07 IM-A"]
[Site "Budapest"]
[Date "1995.??.??"]
[Round "?"]
[White "Honfi, Karoly"]
[Black "Orso, Miklos"]
[Result "1/2-1/2"]
[WhiteElo "2390"]
[BlackElo "2400"]
[PlyCount "22"]
[EventDate "1995.07.??"]
[EventType "tourn"]
[EventRounds "11"]
[EventCountry "HUN"]
[EventCategory "2"]
[SourceTitle "EXT 1997"]
[Source "ChessBase"]
[SourceDate "1996.11.15"]
[SourceVersion "1"]
[SourceVersionDate "1996.11.15"]
[SourceQuality "1"]

1. e4 c5 2. Nf3 d6 3. d4 cxd4 4. Nxd4 Nf6 5. Nc3 e6 6. Be2 Be7 7. 0-0 Nc6 8. Be3 0-0 9. Kh1 Bd7 10. f4 Qb8 11. Bf3 Rd8 1/2-1/2

[Event "Budapest FS11 IM-A"]
[Site "Budapest"]
[Date "1995.??.??"]
[Round "4"]
[White "Honfi, Karoly"]
[Black "Touzane, Olivier"]
[Result "0-1"]
[WhiteElo "2390"]
[BlackElo "2250"]
[PlyCount "66"]
[EventDate "1995.11.??"]
[EventType "tourn"]
[EventRounds "14"]
[EventCountry "HUN"]
[EventCategory "3"]
[SourceTitle "CBM 050 Extra"]
[Source "ChessBase"]
[SourceDate "1996.03.01"]
[SourceVersion "1"]
[SourceVersionDate "1996.03.01"]
[SourceQuality "1"]

1. e4 e6 2. d4 d5 3. Nc3 Nf6 4. Bg5 dxe4 5. Nxe4 Nbd7 6. Nf3 Be7 7. Bxf6 Nxf6 8. Bd3 0-0 9. Qe2 Nxe4 10. Qxe4 g6 11. c4 c5 12. 0-0-0 cxd4 13. Nxd4 e5 14. Nb5 Qb6 15. Qxe5 Bf6 16. Qe3 Qa5 17. Kb1 Rd8 18. Be4 Be6 19. Qa3 Qb6 20. Nd6 Bxb2 21. Qxb2 Rxd6 22. Qxb6 Rxb6+ 23. Ka1 Bxc4 24. Rb1 Re8 25. Rxb6 axb6 26. Re1 Bd5 27. f3 Kg7 28. g4 h5 29. g5 h4 30. Kb2 Re5 31. a4 Bxe4 32. fxe4 Rxg5 33. Kc3 Rg2 0-1

[Event "Budapest FS07 IM-A"]
[Site "Budapest"]
[Date "1995.??.??"]
[Round "?"]
[White "Honfi, Karoly"]
[Black "Turzo, Attila"]
[Result "1/2-1/2"]
[WhiteElo "2390"]
[BlackElo "2310"]
[PlyCount "36"]
[EventDate "1995.07.??"]
[EventType "tourn"]
[EventRounds "11"]
[EventCountry "HUN"]
[EventCategory "2"]
[SourceTitle "EXT 1997"]
[Source "ChessBase"]
[SourceDate "1996.11.15"]
[SourceVersion "1"]
[SourceVersionDate "1996.11.15"]
[SourceQuality "1"]

1. e4 c5 2. Nc3 Nc6 3. Nge2 g6 4. d4 cxd4 5. Nxd4 Bg7 6. Nb3 Nf6 7. Be2 0-0 8. 0-0 d6 9. Bg5 Be6 10. f4 Rc8 11. Kh1 Na5 12. e5 Nxb3 13. axb3 dxe5 14. Qxd8 Rfxd8 15. fxe5 Nd5 16. Rxa7 Nxc3 17. bxc3 Rxc3 18. Rxb7 Rxc2 1/2-1/2

[Event "Paris op"]
[Site "Paris"]
[Date "1995.??.??"]
[Round "?"]
[White "Honfi, Karoly"]
[Black "Wagner, Claude"]
[Result "0-1"]
[WhiteElo "2380"]
[BlackElo "2405"]
[PlyCount "90"]
[EventDate "1995.04.??"]
[EventType "swiss"]
[EventRounds "9"]
[EventCountry "FRA"]
[SourceTitle "EXT 1997"]
[Source "ChessBase"]
[SourceDate "1996.11.15"]
[SourceVersion "1"]
[SourceVersionDate "1996.11.15"]
[SourceQuality "1"]

1. e4 c5 2. Nf3 Nc6 3. d4 cxd4 4. Nxd4 Nf6 5. Nc3 e5 6. Ndb5 d6 7. Bg5 a6 8. Na3 b5 9. Bxf6 gxf6 10. Nd5 Bg7 11. c3 f5 12. exf5 Bxf5 13. Nc2 Be6 14. Nce3 Ne7 15. g3 Nxd5 16. Nxd5 0-0 17. Bg2 Rb8 18. 0-0 a5 19. Qd2 f5 20. Rad1 Kh8 21. b3 Qd7 22. Ne3 Rbd8 23. Bd5 f4 24. Ng2 Bxd5 25. Qxd5 Qh3 26. Rd3 fxg3 27. Rxg3 Qd7 28. Ne3 Bh6 29. Rd1 Bf4 30. Rg2 Qh3 31. Rd3 Rg8 32. Ng4 Qh4 33. Qe6 Rg6 34. Qf5 Rdg8 35. h3 h5 36. Ne3 Bxe3 37. Rxg6 Rxg6+ 38. Qxg6 Qxf2+ 39. Kh1 Qf1+ 40. Kh2 Bf4+ 41. Rg3 Qf2+ 42. Kh1 Qxg3 43. Qe8+ Kg7 44. Qe7+ Kg6 45. Qxd6+ Kf5 0-1

[Event "Budapest FS10 IM-A"]
[Site "Budapest"]
[Date "1995.??.??"]
[Round "2"]
[White "Honfi, Karoly"]
[Black "Zimmerman, Yuri"]
[Result "0-1"]
[WhiteElo "2390"]
[BlackElo "2375"]
[PlyCount "72"]
[EventDate "1995.10.??"]
[EventType "tourn"]
[EventRounds "11"]
[EventCountry "HUN"]
[EventCategory "2"]
[SourceTitle "CBM 050 Extra"]
[Source "ChessBase"]
[SourceDate "1996.03.01"]
[SourceVersion "1"]
[SourceVersionDate "1996.03.01"]
[SourceQuality "1"]

1. e4 d6 2. d4 Nf6 3. Nc3 g6 4. g3 Bg7 5. Bg2 0-0 6. Nge2 e5 7. h3 Nc6 8. Be3 Bd7 9. 0-0 exd4 10. Nxd4 Re8 11. Re1 a6 12. f4 Nxd4 13. Bxd4 c5 14. Bxf6 Bxf6 15. Qxd6 Bd4+ 16. Kh2 Re6 17. Qd5 Bc6 18. Qxd8+ Rxd8 19. Rad1 Red6 20. e5 R6d7 21. Bxc6 bxc6 22. Ne4 Bg1+ 23. Kxg1 Rxd1 24. Kf2 Rxe1 25. Kxe1 Rd4 26. Nf6+ Kg7 27. Ke2 c4 28. h4 a5 29. Ne8+ Kf8 30. Nd6 c3 31. bxc3 Ra4 32. Kd3 Rxa2 33. Ne4 a4 34. Nc5 a3 35. c4 Rb2 36. Kc3 Rb1 0-1

[Event "Budapest FS09 IM-B"]
[Site "Budapest"]
[Date "1995.??.??"]
[Round "5"]
[White "Peter, Ambrus"]
[Black "Honfi, Karoly"]
[Result "1-0"]
[WhiteElo "2410"]
[BlackElo "2390"]
[PlyCount "71"]
[EventDate "1995.09.??"]
[EventType "tourn"]
[EventRounds "9"]
[EventCountry "HUN"]
[EventCategory "3"]
[SourceTitle "EXT 1997"]
[Source "ChessBase"]
[SourceDate "1996.11.15"]
[SourceVersion "1"]
[SourceVersionDate "1996.11.15"]
[SourceQuality "1"]

1. d4 Nf6 2. c4 c5 3. d5 e5 4. Nc3 d6 5. e4 Be7 6. h3 0-0 7. Nf3 Ne8 8. Bd3 Na6 9. a3 Bd7 10. Bc2 Nac7 11. 0-0 a6 12. b4 b6 13. Rb1 g6 14. Bh6 Ng7 15. bxc5 bxc5 16. Ba4 f5 17. Bxd7 Qxd7 18. Qa4 Qxa4 19. Nxa4 fxe4 20. Nd2 Ra7 21. Nxe4 Rd8 22. Bxg7 Kxg7 23. Rb6 Ne8 24. Rfb1 Rdd7 25. Rc6 Bd8 26. Rb8 Kf7 27. Rcc8 Nf6 28. Nexc5 dxc5 29. Rxd8 Rxd8 30. Rxd8 Ne4 31. Rc8 Rb7 32. Nxc5 Rb1+ 33. Kh2 Nxf2 34. d6 h5 35. d7 h4 36. Rf8+ 1-0

[Event "AUT-chT2O 9495"]
[Site "Austria"]
[Date "1995.??.??"]
[Round "?"]
[White "Plank, Franz"]
[Black "Honfi, Karoly"]
[Result "1/2-1/2"]
[WhiteElo "2275"]
[BlackElo "2380"]
[PlyCount "64"]
[EventDate "1994.??.??"]
[EventType "team"]
[EventRounds "11"]
[EventCountry "AUT"]
[SourceTitle "EXT 1999"]
[Source "ChessBase"]
[SourceDate "1998.11.16"]
[SourceVersion "1"]
[SourceVersionDate "1998.11.16"]
[SourceQuality "1"]

1. d4 Nf6 2. Nf3 d5 3. e3 g6 4. Nbd2 Bg7 5. Bd3 Bf5 6. Qe2 Bxd3 7. Qxd3 0-0 8. e4 dxe4 9. Nxe4 Nc6 10. Nxf6+ Bxf6 11. Be3 e5 12. 0-0-0 exd4 13. Nxd4 Nxd4 14. Bxd4 Bxd4 15. Qxd4 Qg5+ 16. f4 Qxg2 17. h4 Rad8 18. Qxd8 Rxd8 19. Rxd8+ Kg7 20. Rdd1 Qe4 21. Rdf1 h5 22. Kb1 a5 23. Rh3 Qg2 24. Rhh1 Kf6 25. Rhg1 Qh3 26. f5 gxf5 27. Rf4 Ke5 28. Rgf1 f6 29. a4 c6 30. b3 Ke6 31. Kb2 Qe3 32. Kb1 Qe5 1/2-1/2

[Event "AUT-chT2O 9495"]
[Site "Austria"]
[Date "1995.??.??"]
[Round "?"]
[White "Portisch, Ferenc"]
[Black "Honfi, Karoly"]
[Result "1/2-1/2"]
[WhiteElo "2390"]
[BlackElo "2380"]
[PlyCount "61"]
[EventDate "1994.??.??"]
[EventType "team"]
[EventRounds "11"]
[EventCountry "AUT"]
[SourceTitle "EXT 1999"]
[Source "ChessBase"]
[SourceDate "1998.11.16"]
[SourceVersion "1"]
[SourceVersionDate "1998.11.16"]
[SourceQuality "1"]

1. d4 Nf6 2. c4 g6 3. Nc3 d5 4. Nf3 Bg7 5. cxd5 Nxd5 6. e4 Nxc3 7. bxc3 c5 8. Bb5+ Bd7 9. Bxd7+ Qxd7 10. 0-0 0-0 11. Rb1 cxd4 12. cxd4 Nc6 13. d5 Na5 14. Bb2 Bxb2 15. Rxb2 Rfc8 16. Qd2 Nc4 17. Qh6 f6 18. Rb3 Nd6 19. Nd4 Nf7 20. Qe3 Rc4 21. Ne6 b6 22. Rc3 Rac8 23. Rfc1 Qa4 24. h3 Qxa2 25. Rxc4 Rxc4 26. Rxc4 Qxc4 27. Qa3 Nd6 28. Qxa7 Kf7 29. Nd8+ Ke8 30. Nc6 Qc1+ 31. Kh2 1/2-1/2

[Event "Paris op"]
[Site "Paris"]
[Date "1995.??.??"]
[Round "?"]
[White "Relange, Eloi"]
[Black "Honfi, Karoly"]
[Result "0-1"]
[WhiteElo "2420"]
[BlackElo "2380"]
[PlyCount "132"]
[EventDate "1995.04.??"]
[EventType "swiss"]
[EventRounds "9"]
[EventCountry "FRA"]
[SourceTitle "EXT 1997"]
[Source "ChessBase"]
[SourceDate "1996.11.15"]
[SourceVersion "1"]
[SourceVersionDate "1996.11.15"]
[SourceQuality "1"]

1. e4 c5 2. Nf3 g6 3. d4 cxd4 4. Nxd4 Bg7 5. c4 Nc6 6. Be3 Nf6 7. Nc3 Ng4 8. Qxg4 Nxd4 9. Qd1 Ne6 10. Qd2 Qa5 11. Rc1 b6 12. Be2 Bb7 13. f3 f5 14. exf5 gxf5 15. 0-0 Rg8 16. Qd3 Qe5 17. f4 Qxe3+ 18. Qxe3 Bd4 19. Bh5+ Kf8 20. Nd5 Bxd5 21. Qxd4 Rxg2+ 22. Kh1 Nxd4 23. cxd5 Rxb2 24. Rc7 Nb5 25. Rxd7 Rc8 26. Re1 Rc7 27. Rd8+ Kg7 28. Be8 Nd4 29. Bh5 Kh6 30. d6 exd6 31. Bd1 Rc6 32. Rg8 Rc1 33. Rg3 Ne2 34. Rh3+ Kg7 35. Rd3 Nc3 36. Rg1+ Kf8 37. Bb3 Rxg1+ 38. Kxg1 Nxa2 39. Be6 Nb4 40. Rh3 Kg7 41. Bxf5 h6 42. Rg3+ Kf6 43. Bh7 a5 44. Rg6+ Ke7 45. f5 a4 46. Bg8 Nd3 47. f6+ Kf8 48. Rg4 Ne5 49. Rg7 Nf3+ 50. Kf1 Nxh2+ 51. Ke1 Rb1+ 52. Ke2 Rf1 53. Rg6 Rf5 54. Kd1 Rg5 55. Rxh6 Kxg8 56. Rxh2 Kf7 57. Rd2 a3 58. Kc2 Ra5 59. Kb1 Rb5+ 60. Ka1 d5 61. Rf2 d4 62. Rf4 Rd5 63. Ka2 d3 64. Rf1 d2 65. Rd1 Rd3 66. Kb1 b5 0-1

[Event "Paris op"]
[Site "Paris"]
[Date "1995.??.??"]
[Round "?"]
[White "Sellos, Didier"]
[Black "Honfi, Karoly"]
[Result "1/2-1/2"]
[WhiteElo "2410"]
[BlackElo "2380"]
[PlyCount "100"]
[EventDate "1995.04.??"]
[EventType "swiss"]
[EventRounds "9"]
[EventCountry "FRA"]
[SourceTitle "EXT 1997"]
[Source "ChessBase"]
[SourceDate "1996.11.15"]
[SourceVersion "1"]
[SourceVersionDate "1996.11.15"]
[SourceQuality "1"]

1. d4 Nf6 2. Nf3 c5 3. c4 cxd4 4. Nxd4 Nc6 5. Nc3 g6 6. g3 d6 7. Bg2 Bd7 8. 0-0 Bg7 9. Nb3 Be6 10. Nd5 0-0 11. Bg5 Bxd5 12. cxd5 Ne5 13. Rc1 a5 14. Nd2 Qb6 15. b3 Rfc8 16. Nc4 Nxc4 17. bxc4 Qa6 18. Qa4 Rc7 19. Bh3 Ne4 20. Be3 Nc3 21. Rxc3 Bxc3 22. c5 Be5 23. c6 bxc6 24. dxc6 Qxc6 25. Qxc6 Rxc6 26. Bg2 Rac8 27. Bxc6 Rxc6 28. Rc1 Rxc1+ 29. Bxc1 f5 30. Kf1 Kf7 31. Ke1 Bc3+ 32. Kd1 e5 33. Kc2 Be1 34. f3 Ke6 35. e4 d5 36. Kd3 h5 37. Bh6 Bb4 38. a4 Be7 39. Bd2 Bd8 40. h3 Kd6 41. Bc3 Bc7 42. Bd2 Kc5 43. Be3+ Kd6 44. Bd2 dxe4+ 45. fxe4 Kc5 46. Be1 fxe4+ 47. Kxe4 Kc4 48. h4 Kb3 49. Bxa5 Bxa5 50. Kxe5 Kxa4 1/2-1/2

[Event "Budapest FS03 IM-B"]
[Site "Budapest"]
[Date "1995.??.??"]
[Round "7"]
[White "Wilhelmi, Christian"]
[Black "Honfi, Karoly"]
[Result "1-0"]
[WhiteElo "2295"]
[BlackElo "2380"]
[PlyCount "63"]
[EventDate "1995.03.??"]
[EventType "tourn"]
[EventRounds "9"]
[EventCountry "HUN"]
[EventCategory "3"]
[SourceTitle "EXT 1997"]
[Source "ChessBase"]
[SourceDate "1996.11.15"]
[SourceVersion "1"]
[SourceVersionDate "1996.11.15"]
[SourceQuality "1"]

1. d4 Nf6 2. c4 g6 3. Nc3 d5 4. cxd5 Nxd5 5. Bd2 Bg7 6. e4 Nb6 7. Be3 0-0 8. Be2 Nc6 9. Nf3 Bg4 10. d5 Bxf3 11. gxf3 Ne5 12. Qb3 c6 13. 0-0-0 cxd5 14. Nxd5 Nxd5 15. Rxd5 Qc8+ 16. Kb1 Qh3 17. Bd4 Qg2 18. Rc1 Qxh2 19. Qc3 f6 20. Qb3 Nf7 21. Qxb7 Bh6 22. Rd1 Rfe8 23. Rd7 Rab8 24. Qxa7 Bf8 25. Qc7 Qh3 26. Be3 Ne5 27. Rd8 Rexd8 28. Rxd8 Rxd8 29. Qxd8 Kf7 30. a4 Bh6 31. Qd5+ Kf8 32. f4 1-0